01176nab a22002057a 4500003000400000005001700004008004100021040000700062100003100069245014700100260007300247300001300320500003700333505031400370505008200684650001800766650001600784650001900800773015100819OSt20251226123909.0190429b xxu||||| |||| 00| 0 spa d cPJ aBorzi Cirilli, Federico A.13aLa ley del arrepentido y el derecho a controlar la prueba de cargo. Con especial referencia al caso "Cuadernos" / cFederico A. Borzi Cirilli. cCiudad Autónoma de Buenos Aires :aThomson Reuters La Ley, b2025. ap. 73-78 aCita: TR LALEY AR/DOC/2191/2025. aSumario: I. Introducción.— II. El objeto de la ley y su ámbito de aplicación.— III. Su aplicación en la causa "cuadernos".— IV. Sobre la incorporación de los acuerdos de colaboración al juicio oral y el derecho a controlar toda prueba de cargo. El precedente "Benítez".— V. Conclusiones. tSi te interesa el texto completo, solicitalo a koha@justierradelfuego.gov.ar  0aDERECHO PENAL 0aARREPENTIDO 0aDEBIDO PROCESO0 02658tRevista de derecho penal y criminología. Nº 8 - Octubre 2025dCiudad Autónoma de Buenos Aires : Thomson Reuters La Ley, 2017-x00347914